Apocalypse : the great Jewish revolt against Rome AD 66-73 /

محفوظ في:

المؤلف الرئيسي: Faulkner, Neil (مؤلف)

التنسيق: كتاب

اللغة: English

منشور في: Stroud, Gloucestershire : Tempus, 2002.

الموضوعات:

الوسوم: إضافة وسم

لا توجد وسوم, كن أول من يضع وسما على هذه التسجيلة!

رقم الطلب: DS122.8 .F38 2002

LEADER 00750namaa2200241 4500
001 12898
003 OSt
005 20250507114557.0
008 130303s2002 enkab b 001 0 eng d
010 |a 2011508172 
020 |a 9780752419688 
020 |a 0752419684 
040 |c ARCE Library 
050 4 |a DS122.8 .F38 2002 
100 1 |a Faulkner, Neil,  |e author 
245 1 0 |a Apocalypse :   |b the great Jewish revolt against Rome AD 66-73 /   |c Neil Faulkner. 
264 1 |a Stroud, Gloucestershire :  |b Tempus,  |c 2002. 
300 |a 288 pages :   |b illustrations, maps ;   |c 26 cm. 
504 |a Includes bibliographical references (pages 282-284) and Index. 
650 0 |a Jews  |x History  |y Rebellion, 66-73. 
901 |a reviewed 
942 |c BK  |2 lcc 
999 |c 11461  |d 11461